| 000 | 00728cam a22002533a 4500 | ||
|---|---|---|---|
| 001 | 13998 | ||
| 003 | PGUSA | ||
| 005 | 20140828083312.0 | ||
| 008 | 041109s2004||||xxu|||||s|||||000 | eng d | ||
| 040 |
_aPGUSA _beng |
||
| 042 | _adc | ||
| 050 | 4 | _aDA | |
| 100 | 1 |
_aMcDonnell, Michael, _cSir, _d1882-1956 |
|
| 245 | 1 | 0 |
_aIreland and the Home Rule Movement _h[electronic resource] / _cMichael, McDonnell |
| 260 |
_bProject Gutenberg, _c2004 |
||
| 506 | _aPublic domain in the USA. | ||
| 516 | _aElectronic text | ||
| 653 | _aHome rule -- Ireland | ||
| 653 | _aIreland | ||
| 700 | 1 |
_aRedmond, John Edward, _d1856-1918 |
|
| 830 | 0 |
_aProject Gutenberg _v13998 |
|
| 856 | 4 | 0 | _uhttp://www.gutenberg.org/ebooks/13998 |
| 942 | _cEB | ||
| 999 |
_c243253 _d243253 |
||